| 000 | 00531nam a22002171c 4500 | ||
|---|---|---|---|
| 001 | a987679063 | ||
| 008 | 170206s1993 gw |||| 000u rus d | ||
| 020 |
_a5852070440 _95-85207-044-0 |
||
| 041 | _arus | ||
| 100 | 1 | _aBerežkov, Valentin M. | |
| 245 | 0 | 0 | _aKak ja stal perevodčikom Stalina |
| 264 |
_aMoskva, _c1993 |
||
| 600 | 0 | _aBerežkov, Valentin M. | |
| 648 | 0 | _a<1930-1945> | |
| 650 | 0 | _aAutobiografie | |
| 651 | 0 | _aSowjetunion | |
| 655 | 0 | _aQuelle | |
| 942 | _cMG | ||
| 040 | _cRU-10907106 | ||
| 003 | RU-10907106 | ||
| 999 |
_c39301 _d39301 |
||